000 00886nam a2200253Ia 4500
003 OSt
005 20220923220245.0
006 a|||||r|||| 00| 0
007 ta
008 220922b |||||||| |||| 00| 0 hin d
024 _a185,508
037 _cTextual
040 _aARTS
_cARTS
_bhin
041 _2hin
_ahin
082 _aO152,1(/\25):g(/\73), L7
100 _aशर्मा, रामपति राय
245 0 _aनिर्गुण काव्य पर सूफी प्रभाव
246 _aNirguṇ kāvya par sūfī prabhāva
260 _aकानपुर
_b पुस्तक संस्थान
_c1977
300 _a238 पृ.
_ccm.
650 _aहिन्दी साहित्य
_9156264
942 _hO152,1(/\25):g(/\73), L7
_cTEXL
_2CC
999 _c338754
_d338754